000 00844nam a2200301Ia 4500
001 60557
003 IT-RoPAU
008 130308s9999 xx 000 0 und d
040 _aIT-RoPAU
040 _cIT-RoPAU
041 _aFRANCESE
100 _aJusselle J.
100 _gCodice Aut. SPICS: 21745
245 _aMasque (Le)-Figure theatrale du religieux
245 _bLangages et Deplacements Du Religieux
250 _a1a ed.
260 _aPARIS
260 _bCerf
260 _c1987 [1° Ed.:1987 - Ed.Ling.Originale:1987]
300 _a"24 p. (prefazione: no ; testo: 24 [pagine: 107-130])"
500 _aMaschera Figura Teatrale del Religioso Sacro Credenza e Identificazione
650 _aSAGGI DI LINGUISTICA
650 _eCodice materia Spics: 3207
942 _cBK
957 _71
999 _c40089
_d40089
999 _bSI
999 _g1